Európske pracovné právo

Salvato in:
Dettagli Bibliografici
Autore principale: Barancová, Helena
Natura: Libro
Lingua:slovacco
Pubblicazione: Bratislava Sprint dva 2010
Serie:Juristika
Soggetti:
Tags: Aggiungi Tag
Nessun Tag, puoi essere il primo ad aggiungerne!!

MARC

LEADER 00000nam a2200000 4500
001 0126623
005 20240318120914.7
020 |a 978-80-89393-42-8 
041 0 |a slo 
044 |a SK 
245 1 0 |a Európske pracovné právo  |c Helena Barancová 
264 1 |a Bratislava  |b Sprint dva  |c 2010 
300 |a 680 s. 
490 1 |a Juristika 
830 0 |a Juristika 
610 2 0 |a právo pracovné 
610 2 0 |a právo medzinárodné 
610 2 0 |a právo európske 
610 2 0 |a legislatíva 
610 2 0 |a Európska únia 
610 2 0 |a Slovensko 
100 1 |a Barancová, Helena